[Event "TOP 20"]
[Site "Comite Loire Echecs"]
[Date "2004.11.27"]
[Round "3.9"]
[White "Minchilli, Franco"]
[Black "Clement, Paul"]
[Result "0-1"]
[WhiteElo "1680"]
[BlackElo "2001"]
[PlyCount "114"]
[EventDate "2004.??.??"]

1. d4 Nf6 2. c4 e5 3. d5 Bc5 4. Nc3 a6 5. e3 d6 6. Be2 O-O 7. a3 Bf5 8. Nf3 Ne4
9. Nxe4 Bxe4 10. b4 Ba7 11. Bb2 Nd7 12. O-O Bxf3 13. Bxf3 Qh4 14. Qc2 f5 15. g3
Qe7 16. Bg2 h5 17. Kh1 h4 18. Qe2 Nf6 19. Bh3 g6 20. Rg1 Qh7 21. gxh4 Kf7 22.
Rg3 Qxh4 23. Rag1 Ne4 24. Rf3 Rh8 25. Rg4 Qxh3 26. Rxh3 Rxh3 27. Rg2 Rah8 28.
Kg1 Nxf2 29. Kxf2 Bxe3+ 30. Qxe3 Rxe3 31. Kxe3 Rh3+ 32. Kf2 f4 33. Kf1 Kf6 34.
Rf2 Kf5 35. c5 Rd3 36. Rc2 Rxd5 37. Ke2 e4 38. cxd6 cxd6 39. Rc7 f3+ 40. Ke1 e3
41. Rf7+ Kg4 42. Bc1 Rd3 43. Re7 e2 44. Bd2 f2+ 45. Kxf2 Rxd2 46. Rxb7 d5 47.
Rb6 d4 48. Rxg6+ Kf5 49. Rxa6 d3 50. Ra8 Rd1 51. Re8 Rf1+ 52. Kg2 e1=Q 53. Rf8+
Kg6 54. Rxf1 Qe4+ 55. Rf3 d2 56. Kf2 d1=Q 57. Rg3+ Kf7 0-1

[Event "TOP 20"]
[Site "Comite Loire Echecs"]
[Date "2004.11.27"]
[Round "3.10"]
[White "Massard, Christian"]
[Black "Desassis, Jean-Francois"]
[Result "1-0"]
[WhiteElo "1770"]
[BlackElo "1620"]
[PlyCount "87"]
[EventDate "2004.??.??"]

1. c4 g6 2. Nc3 Bg7 3. d4 d6 4. e4 e5 5. d5 Nf6 6. Bd3 Nbd7 7. Nge2 a5 8. Bg5
Nc5 9. Bc2 Qd7 10. h3 O-O 11. a3 b6 12. b4 Na6 13. Ba4 Qe7 14. Bc6 Rb8 15. Rb1
axb4 16. axb4 Bd7 17. Qa4 Bxc6 18. Qxc6 Rbc8 19. O-O Nb8 20. Qb7 Rfd8 21. Nb5
Rd7 22. Qxc8+ Rd8 23. Qxc7 Nbd7 24. Qxd6 Qe8 25. f3 Bf8 26. Qc6 Rc8 27. Nc7 Qd8
28. d6 h6 29. Bh4 g5 30. Bf2 Ne8 31. c5 bxc5 32. bxc5 Nxc7 33. dxc7 Rxc7 34.
Qd5 Qc8 35. Rbd1 Qa6 36. Ng3 Nxc5 37. Ra1 Qf6 38. Qd8 Qc6 39. Rac1 Rc8 40. Qd5
Qc7 41. Nf5 Kh7 42. Kh2 Qb6 43. Bxc5 Bxc5 44. Qxf7+ 1-0

[Event "TOP 20"]
[Site "Comite Loire Echecs"]
[Date "2004.12.23"]
[Round "4.1"]
[White "Cizeron, Frederic"]
[Black "Valet, Godeffroy"]
[Result "1-0"]
[WhiteElo "2114"]
[BlackElo "2048"]
[PlyCount "55"]

1. d4 e6 2. f4 Nf6 3. Nf3 c5 4. e3 Nc6 5. c3 b6 6. Bd3 cxd4 7. exd4 Bb7 8. O-O
Bd6 9. Ne5 Ne7 10. Nd2 O-O 11. g4 Ng6 12. g5 Bxe5 13. fxe5 Nd5 14. Ne4 f5 15.
gxf6 gxf6 16. c4 f5 17. Bg5 Ne3 18. Qe2 Qc7 19. Qxe3 fxe4 20. Be2 Rf5 21. Bh6
d6 22. exd6 Qxd6 23. Bg4 Rxf1+ 24. Rxf1 e5 25. d5 b5 26. Be6+ Kh8 27. Bg7+ Kxg7
28. Rf7+ 1-0

[Event "TOP 20"]
[Site "Comite Loire Echecs"]
[Date "2004.12.11"]
[Round "4.2"]
[White "Deville, Olivier"]
[Black "Cursoux, Gerard"]
[Result "0-1"]
[WhiteElo "2044"]
[BlackElo "2020"]
[PlyCount "70"]

1. Nf3 c5 2. c4 Nf6 3. Nc3 Nc6 4. g3 e6 5. Bg2 Be7 6. O-O O-O 7. d4 d5 8. cxd5
exd5 9. Bg5 Be6 10. dxc5 Bxc5 11. Na4 Be7 12. Rc1 h6 13. Bf4 Rc8 14. Nc5 Bxc5
15. Rxc5 Qe7 16. Rc1 Rfd8 17. Nd4 Bg4 18. Be3 Qd7 19. Nxc6 bxc6 20. Bc5 Bh3 21.
Qd4 Re8 22. e3 Ne4 23. Ba3 Qe6 24. Rfd1 Ng5 25. Qh4 Bg4 26. Rd4 f5 27. h3 Bxh3
28. Bh1 Bg4 29. Kf1 Kh7 30. Ra4 Rc7 31. Rc5 Qd7 32. Rca5 c5 33. b3 d4 34. exd4
Qe6 35. Kg2 Qe1 0-1

[Event "TOP 20"]
[Site "Comite Loire Echecs"]
[Date "2004.12.18"]
[Round "4.3"]
[White "Poncet, Alain"]
[Black "Pupier, Terry"]
[Result "1/2-1/2"]
[WhiteElo "1970"]
[BlackElo "1930"]
[PlyCount "43"]

1. c4 Nf6 2. Nc3 e5 3. g3 d5 4. Bg2 dxc4 5. Qa4+ c6 6. Qxc4 Be6 7. Qa4 Be7 8.
Nf3 Nbd7 9. O-O h6 10. d4 exd4 11. Nxd4 Nc5 12. Nxe6 Nxe6 13. Rd1 Qb6 14. Be3
Bc5 15. Bxc5 Nxc5 16. Qc2 O-O 17. Rd4 Ne6 18. Rd2 Rad8 19. Rad1 Rxd2 20. Rxd2
Rd8 21. e3 Kf8 22. Rxd8+ 1/2-1/2

[Event "TOP 20"]
[Site "Comite Loire Echecs"]
[Date "2004.12.18"]
[Round "4.4"]
[White "Bellon, Yves"]
[Black "Bruel, Bruno"]
[Result "1-0"]
[WhiteElo "1920"]
[BlackElo "1840"]
[PlyCount "79"]

1. c4 c6 2. Nf3 Nf6 3. b3 d5 4. Bb2 Bf5 5. e3 e6 6. Be2 Bd6 7. O-O O-O 8. d3
Nbd7 9. Nbd2 Qe7 10. Re1 e5 11. Nh4 Be6 12. g3 e4 13. f4 exd3 14. Bxd3 Bg4 15.
Qc2 Rfe8 16. e4 Bc5+ 17. Kg2 dxe4 18. Nxe4 Nxe4 19. Bxe4 Kh8 20. h3 Nf6 21.
Bxf6 Bxh3+ 22. Kxh3 Qxf6 23. Rad1 g6 24. Nf3 Re7 25. Ne5 Rae8 26. Kg2 Bd6 27.
Ng4 Qg7 28. Rxd6 f5 29. Ne5 fxe4 30. Rxe4 g5 31. Kf3 gxf4 32. gxf4 Rg8 33. Qh2
Qf8 34. Ng6+ Rxg6 35. Rxe7 Qxe7 36. Rxg6 Qd8 37. Rg5 Qd3+ 38. Kg4 Qd1+ 39. Kh4
Qd6 40. Qb2+ 1-0

[Event "TOP 20"]
[Site "Comite Loire Echecs"]
[Date "2004.12.11"]
[Round "4.5"]
[White "Boblin, Laurent"]
[Black "Graillon, David"]
[Result "1/2-1/2"]
[WhiteElo "2040"]
[BlackElo "1965"]
[PlyCount "31"]

1. e4 e5 2. Nf3 Nc6 3. d4 exd4 4. Nxd4 Qh4 5. Nb5 Qxe4+ 6. Be2 Bb4+ 7. N1c3
Bxc3+ 8. Nxc3 Qe5 9. O-O Nf6 10. Re1 O-O 11. Bd3 Qa5 12. Nb5 d6 13. Bd2 Qb6 14.
Be3 Qa5 15. Bd2 Qb6 16. Be3 1/2-1/2

[Event "TOP 20"]
[Site "Comite Loire Echecs"]
[Date "2004.12.18"]
[Round "4.6"]
[White "Clement, Paul"]
[Black "Carrot, Patrick"]
[Result "1/2-1/2"]
[WhiteElo "2001"]
[BlackElo "1840"]
[PlyCount "48"]

1. Nf3 Nf6 2. g3 g6 3. Bg2 Bg7 4. O-O O-O 5. c3 d6 6. d3 c5 7. Nbd2 Nc6 8. e4
Rb8 9. b3 b5 10. Bb2 Bb7 11. Qc2 a5 12. a3 Re8 13. c4 b4 14. a4 e5 15. Rae1 Bc8
16. Bc1 Bg4 17. h3 Bd7 18. Qd1 Bh6 19. Kh2 Kh8 20. Ng1 Ng8 21. Ne2 Nge7 22. f4
Rf8 23. Bb2 Kg8 24. Nf3 Qc7 1/2-1/2

[Event "TOP 20"]
[Site "Comite Loire Echecs"]
[Date "2004.12.18"]
[Round "4.7"]
[White "Garon, Pierre"]
[Black "Doran, Niall"]
[Result "1-0"]
[WhiteElo "1974"]
[BlackElo "1770"]
[PlyCount "78"]

1. d4 Nf6 2. Nf3 g6 3. e3 Bg7 4. Be2 O-O 5. c4 d6 6. O-O Nbd7 7. Nc3 c5 8. Qc2
cxd4 9. exd4 Nb6 10. Bd3 a6 11. Bg5 Qc7 12. b3 e5 13. Rfe1 exd4 14. Ne2 Re8 15.
Nexd4 Bd7 16. Rac1 Rac8 17. Qd2 Ng4 18. Red1 Ne5 19. Be2 Bg4 20. h3 Bd7 21. Bh6
Bh8 22. Ng5 Bg7 23. Bxg7 Kxg7 24. Ndf3 f6 25. Ne4 Re6 26. Nxd6 Rd8 27. c5 Nc8
28. Nxc8 Qxc8 29. Nxe5 Rxe5 30. Rc4 Qc6 31. Bf3 Qc8 32. Rd4 Re7 33. b4 Qc7 34.
Rd6 Kf7 35. Qd5+ Kg7 36. Qxb7 Qxb7 37. Bxb7 Kf7 38. Bxa6 Ke8 39. b5 Rb8 1-0

[Event "TOP 20"]
[Site "Comite Loire Echecs"]
[Date "2004.12.18"]
[Round "4.8"]
[White "Bednar, Emile"]
[Black "Barnes, Pierrick"]
[Result "0-1"]
[WhiteElo "1900"]
[BlackElo "1830"]
[PlyCount "96"]

1. d4 Nf6 2. c4 e6 3. Nc3 Bb4 4. Qc2 c5 5. Nf3 Nc6 6. e3 O-O 7. Bd3 cxd4 8.
exd4 h6 9. O-O Bxc3 10. Qxc3 d5 11. Be3 dxc4 12. Bxc4 Nd5 13. Qd2 Nxe3 14. fxe3
Qb6 15. Rf2 Bd7 16. Rd1 Rad8 17. a3 Na5 18. Bd3 Ba4 19. b4 Bxd1 20. Qxd1 Nc6
21. Bb1 Qc7 22. Rd2 Ne7 23. Kf2 Rc8 24. Be4 b6 25. Qa4 Nd5 26. Bxd5 exd5 27.
Qb5 Qc3 28. Qxd5 Qxa3 29. b5 Rc3 30. Re2 Qb3 31. Qd7 Rfc8 32. Qxa7 Qxb5 33. Ne5
R3c7 34. Qa2 Qxe2+ 35. Qxe2 Rc2 36. d5 Rxe2+ 37. Kxe2 f6 38. Nc6 Kf8 39. Kd3
Ke8 40. Kd4 Kd7 41. Nb4 b5 42. Na6 Rc4+ 43. Kd3 f5 44. g4 Rxg4 45. e4 fxe4+ 46.
Kd4 e3+ 47. Kc5 e2 48. Nb8+ Kc7 0-1

[Event "TOP 20"]
[Site "Comite Loire Echecs"]
[Date "2004.12.18"]
[Round "4.9"]
[White "Mujic, Saban"]
[Black "Massard, Christian"]
[Result "*"]
[WhiteElo "1880"]
[BlackElo "1770"]
[PlyCount "119"]

1. e4 g6 2. d4 Bg7 3. Nf3 d6 4. c3 Nf6 5. Bd3 O-O 6. O-O Nbd7 7. Nbd2 Re8 8.
Re1 e5 9. d5 Nc5 10. Bc2 Bh6 11. b4 Ncd7 12. Nb3 Bxc1 13. Qxc1 Kg7 14. h3 Nh5
15. Qe3 Nb6 16. Nbd2 Bd7 17. a4 Nc8 18. c4 Ne7 19. Nh2 Nf4 20. Nhf1 f5 21. Ng3
Rf8 22. Ne2 Nxe2+ 23. Qxe2 f4 24. Nf3 Ng8 25. Kh2 h5 26. g3 Nh6 27. Ra3 Nf7 28.
Rg1 Qc8 29. gxf4 Bxh3 30. f5 Bg4 31. Qd2 Qd8 32. Kg3 gxf5 33. exf5 Nh6 34. Ng5
Nxf5+ 35. Bxf5 Bxf5 36. Kh2 Kh8 37. Rag3 Qf6 38. f4 Rae8 39. fxe5 Qxe5 40. Nf3
Qe2+ 41. R1g2 Qxd2 42. Nxd2 Bg4 43. Kg1 Re1+ 44. Kh2 Rf4 45. Rc3 b6 46. a5 Ra1
47. axb6 axb6 48. c5 bxc5 49. bxc5 Ra2 50. cxd6 cxd6 51. Rc6 Rd4 52. Nc4 Rxg2+
53. Kxg2 Rxd5 54. Rxd6 Rg5 55. Kh2 Kg7 56. Ne3 Bf3 57. Rd4 Re5 58. Nc4 Rg5 59.
Ne3 Kg6 60. Rf4 *

[Event "TOP 20"]
[Site "Comite Loire Echecs"]
[Date "2004.12.18"]
[Round "4.10"]
[White "Desassis, Jean-Francois"]
[Black "Minchilli, Franco"]
[Result "0-1"]
[WhiteElo "1620"]
[BlackElo "1680"]
[PlyCount "92"]

1. d4 d5 2. Nf3 Nf6 3. e3 g6 4. Nbd2 Bg7 5. c4 c6 6. Bd3 Nbd7 7. O-O O-O 8. b4
a6 9. Qb3 a5 10. a4 Re8 11. Bb2 Qb6 12. Bc3 axb4 13. Bxb4 e5 14. a5 Qc7 15.
Rfc1 e4 16. cxd5 exd3 17. d6 Qd8 18. Ng5 Nd5 19. Nxf7 Kxf7 20. e4 Bxd4 21. exd5
c5 22. Bc3 Qf6 23. Bxd4 Qxd4 24. Nf3 c4 25. Qxc4 Qxc4 26. Rxc4 Re2 27. Kf1 Rc2
28. Rxc2 dxc2 29. Rc1 Rxa5 30. Rxc2 Rc5 31. Ng5+ Kg8 32. Re2 Rc1+ 33. Re1 Rxe1+
34. Kxe1 Nf6 35. Kd2 Nxd5 36. Ne4 b6 37. Kc2 Bf5 38. Kd3 Nf6 39. f3 Kf7 40. g4
Bxe4+ 41. fxe4 Ke6 42. Kd4 Nxg4 43. h3 Nf6 44. e5 Nd7 45. Kc4 Kxe5 46. Kb5 Kxd6
0-1

[Event "TOP 20"]
[Site "Comite Loire Echecs"]
[Date "2005.01.22"]
[Round "5.1"]
[White "Cursoux, Gerard"]
[Black "Cizeron, Frederic"]
[Result "0-1"]
[WhiteElo "2060"]
[BlackElo "2114"]
[PlyCount "92"]

1. e4 e6 2. d3 d5 3. Nd2 c5 4. g3 Nc6 5. Bg2 Bd6 6. Ngf3 Nge7 7. O-O O-O 8. Re1
Qc7 9. c3 Bd7 10. a3 a5 11. d4 f6 12. Qe2 cxd4 13. cxd4 a4 14. Bh3 e5 15. Bxd7
Qxd7 16. exd5 Nxd5 17. Qc4 Qf7 18. Ne4 Bb8 19. Bd2 exd4 20. Nxd4 Nxd4 21. Qxd4
Be5 22. Qd3 Rfd8 23. Qc2 b5 24. Rac1 Bd4 25. b4 Nb6 26. Bf4 Nc4 27. Qa2 Qa7 28.
h4 Kh8 29. Re2 Rd7 30. Nd2 Ne5 31. Bxe5 Bxe5 32. Nf3 Bxg3 33. Rce1 Bd6 34. Re8+
Bf8 35. h5 Rdd8 36. Rxd8 Rxd8 37. Qe6 Qb7 38. Nh4 Qd5 39. Nf5 Qxe6 40. Rxe6 Kg8
41. Rb6 Rd5 42. Ng3 Rd3 43. Rxb5 Rxa3 44. Rb8 Rb3 45. b5 a3 46. Kg2 a2 0-1

[Event "TOP 20"]
[Site "Comite Loire Echecs"]
[Date "2005.01.22"]
[Round "5.2"]
[White "Graillon, David"]
[Black "Bellon, Yves"]
[Result "0-1"]
[WhiteElo "1965"]
[BlackElo "1860"]
[PlyCount "32"]

1. e4 c5 2. Nc3 Nc6 3. f4 d6 4. Nf3 g6 5. Bc4 Bg7 6. O-O e6 7. d3 Nge7 8. Qe1
O-O 9. f5 d5 10. Bb3 Nd4 11. Qh4 Nec6 12. fxg6 Nxf3+ 13. Rxf3 Qxh4 14. gxh7+
Kh8 15. Bd2 Nd4 16. Raf1 Be5 0-1

[Event "TOP 20"]
[Site "Comite Loire Echecs"]
[Date "2005.01.22"]
[Round "5.3"]
[White "Valet, Godeffroy"]
[Black "Poncet, Alain"]
[Result "1-0"]
[WhiteElo "2052"]
[BlackElo "2060"]
[PlyCount "53"]

1. e4 e5 2. f4 d5 3. exd5 e4 4. d3 Nf6 5. dxe4 Nxe4 6. Bd3 Qxd5 7. Qe2 f5 8.
Nc3 Bb4 9. Bd2 Bxc3 10. Bxc3 Kf8 11. Bb5 Bd7 12. Rd1 Nxc3 13. Rxd5 Nxe2 14.
Bxd7 Nxd7 15. Nxe2 Ke7 16. Rxf5 g6 17. Rd5 c6 18. Rd3 Nc5 19. Re3+ Kf6 20. O-O
Rad8 21. Nc3 Rd2 22. b4 Rxc2 23. bxc5 Rd8 24. a3 b5 25. Ne4+ Kg7 26. Nd6 Rxc5
27. Nb7 {abandon} 1-0

[Event "TOP 20"]
[Site "Comite Loire Echecs"]
[Date "2005.01.22"]
[Round "5.4"]
[White "Pupier, Terry"]
[Black "Deville, Olivier"]
[Result "0-1"]
[WhiteElo "1960"]
[BlackElo "2044"]
[PlyCount "118"]

1. e4 e5 2. Nf3 Nc6 3. Bb5 a6 4. Bxc6 dxc6 5. O-O Qd6 6. d4 exd4 7. Qxd4 Qxd4
8. Nxd4 c5 9. Ne2 Bd7 10. Bf4 O-O-O 11. Rd1 Re8 12. Ng3 h5 13. Nc3 Nf6 14. Re1
h4 15. Nf1 Nh5 16. Nd5 Nxf4 17. Nxf4 Bd6 18. Nd5 f5 19. exf5 Bxf5 20. Nfe3 Be4
21. Rad1 Rh5 22. c4 h3 23. g3 Bf3 24. Rd2 Re4 25. b3 Rd4 26. Red1 Bxd1 27. Rxd1
Rxd1+ 28. Nxd1 b5 29. f4 bxc4 30. bxc4 Rh8 31. Kf2 Kd7 32. Kf3 Rb8 33. Kg4 Rb1
34. N5c3 Ra1 35. Nf2 Be7 36. Nfe4 Rc1 37. Kxh3 Rc2 38. a4 Rb2 39. Nd5 Bf8 40.
Nec3 c6 41. Ne3 Be7 42. Ng4 Ke6 43. Ne4 Ra2 44. Ne5 Rxa4 45. Kg4 Ra2 46. h4 a5
47. Nxc6 a4 48. Nxe7 Kxe7 49. Nxc5 a3 50. Nb3 Rb2 51. Nc1 Rc2 52. Nb3 Rxc4 53.
h5 a2 54. Kh4 Rc3 55. Na1 Rc1 56. Nb3 Rb1 57. Nd2 a1=Q 58. Nxb1 Qxb1 59. Kg5
Kf7 0-1

[Event "TOP 20"]
[Site "Comite Loire Echecs"]
[Date "2005.01.22"]
[Round "5.5"]
[White "Garon, Pierre"]
[Black "Boblin, Laurent"]
[Result "0-1"]
[WhiteElo "1974"]
[BlackElo "2040"]
[PlyCount "54"]

1. d4 d5 2. Nf3 Nf6 3. e3 Bf5 4. c4 c6 5. Qb3 Qc7 6. cxd5 cxd5 7. Nc3 e6 8. Bd2
Nc6 9. Rc1 Be7 10. Ne5 O-O 11. Na4 Rfc8 12. Nxc6 bxc6 13. Ba6 Rcb8 14. Qc3 Bb4
15. Qxc6 Bxd2+ 16. Kxd2 Qa5+ 17. Ke2 e5 18. Rc5 Qb4 19. Rb5 Rxb5 20. Qxb5 Qd6
21. dxe5 Qxe5 22. Qc5 Qe4 23. b3 Qxg2 24. Rf1 Bg4+ 25. Ke1 Qf3 26. Qd4 Rc8 27.
Qd2 Ne4 0-1

[Event "TOP 20"]
[Site "Comite Loire Echecs"]
[Date "2005.01.22"]
[Round "5.6"]
[White "Bruel, Bruno"]
[Black "Barnes, Pierrick"]
[Result "1/2-1/2"]
[WhiteElo "1870"]
[BlackElo "1870"]
[PlyCount "49"]

1. d4 Nf6 2. c4 e6 3. Nc3 Bb4 4. e3 O-O 5. Bd3 d5 6. Nge2 dxc4 7. Bxc4 c5 8.
O-O a6 9. a4 Qc7 10. Bd3 Rd8 11. dxc5 Bxc5 12. Qc2 Bd6 13. Ng3 Nc6 14. Nce4
Nxe4 15. Bxe4 g6 16. Bd2 g5 17. Bxc6 Qxc6 18. Qxc6 bxc6 19. Ba5 Rd7 20. Rfd1
Raa7 21. Rac1 Bxg3 22. hxg3 Rxd1+ 23. Rxd1 Rd7 24. Rc1 Bb7 25. Bc3 1/2-1/2

[Event "TOP 20"]
[Site "Comite Loire Echecs"]
[Date "2005.01.22"]
[Round "5.7"]
[White "Massard, Christian"]
[Black "Clement, Paul"]
[Result "1/2-1/2"]
[WhiteElo "1780"]
[BlackElo "2001"]
[PlyCount "41"]

1. d4 Nf6 2. c4 g6 3. Nc3 Bg7 4. e4 d6 5. Nf3 O-O 6. Be2 e5 7. d5 h6 8. O-O Ne8
9. Ne1 f5 10. f3 Nd7 11. Be3 f4 12. Bf2 Nef6 13. Nd3 Rf7 14. c5 Bf8 15. b4 g5
16. h3 h5 17. Rc1 Rg7 18. g4 b6 19. c6 a6 20. a4 Qe7 21. Kg2 1/2-1/2

[Event "TOP 20"]
[Site "Comite Loire Echecs"]
[Date "2005.01.22"]
[Round "5.8"]
[White "Carrot, Patrick"]
[Black "Mujic, Saban"]
[Result "1-0"]
[WhiteElo "1820"]
[BlackElo "1870"]
[PlyCount "187"]

1. e4 d5 2. exd5 Qxd5 3. Nc3 Qd8 4. Nf3 Nf6 5. d4 e6 6. Bd3 c5 7. O-O cxd4 8.
Nxd4 Be7 9. Bf4 a6 10. Re1 O-O 11. Nf3 Nc6 12. a3 Bc5 13. Ne4 Nxe4 14. Rxe4 Qb6
15. Bg3 Qxb2 16. Rc4 Be7 17. Rb1 Qxa3 18. Ra1 Qb2 19. Rb1 Qf6 20. Rxc6 bxc6 21.
Bh4 Qf4 22. Bxe7 Re8 23. Bd6 e5 24. Rb4 Qf6 25. Rh4 g6 26. Bb4 Bf5 27. Be4 Rad8
28. Qe2 Bxe4 29. Rxe4 Rb8 30. Bc3 Rb1+ 31. Ne1 Qf5 32. Rxe5 Rxe5 33. Bxe5 Qe6
34. Kf1 a5 35. Bc3 Qxe2+ 36. Kxe2 a4 37. Nd3 a3 38. Nb4 c5 39. Na2 f5 40. Kd3
Rf1 41. Ke2 Rb1 42. g3 Kf7 43. Kf3 Ke6 44. h4 h5 45. Kf4 Rf1 46. Ke3 Kd5 47.
Ke2 Rb1 48. Kd3 Rb7 49. Bf6 Rb6 50. Bc3 Re6 51. Bg7 Re7 52. Bf6 Rf7 53. Bg5 Rf8
54. Nc3+ Kc6 55. Kc4 Rb8 56. Bc1 Ra8 57. Na2 Ra4+ 58. Kb3 Rd4 59. Kxa3 Kb5 60.
Kb3 Kc6 61. Be3 Re4 62. Kc3 Kd5 63. Nc1 Rc4+ 64. Kd3 Ra4 65. Ne2 c4+ 66. Kd2
Ra6 67. Nf4+ Ke4 68. Kc3 Rc6 69. Kb4 Ke5 70. Kb5 Rd6 71. Kxc4 Rc6+ 72. Kd3 Rd6+
73. Kc3 Rc6+ 74. Kd2 Ke4 75. Nh3 Rc8 76. c3 Rd8+ 77. Bd4 Rd6 78. Ng5+ Kd5 79.
Ke3 Ra6 80. Kf4 Rc6 81. Nf3 Re6 82. Ne5 Kd6 83. Kg5 f4 84. Kxf4 Ke7 85. Kg5 Ra6
86. Nxg6+ Kf7 87. Ne5+ Kg7 88. Kxh5 Kh7 89. f4 Rf6 90. Kg5 Rf8 91. f5 Rg8+ 92.
Kf4 Kh6 93. Ng4+ Kh5 94. Nf6+ 1-0

[Event "TOP 20"]
[Site "Comite Loire Echecs"]
[Date "2005.01.22"]
[Round "5.9"]
[White "Doran, Niall"]
[Black "Minchilli, Franco"]
[Result "1/2-1/2"]
[WhiteElo "1740"]
[BlackElo "1690"]
[PlyCount "105"]

1. e4 e5 2. Nf3 Nf6 3. d4 exd4 4. e5 Ng4 5. Bc4 d5 6. exd6 Bxd6 7. Qe2+ Qe7 8.
Qxe7+ Bxe7 9. Bf4 c5 10. Nbd2 O-O 11. O-O Nc6 12. Rfe1 Be6 13. Bxe6 fxe6 14.
Bg3 e5 15. Nc4 Bf6 16. h3 Nh6 17. Ncxe5 Rfe8 18. Nxc6 bxc6 19. Bd6 c4 20. Bc5
d3 21. cxd3 cxd3 22. Bd4 Bxd4 23. Nxd4 c5 24. Nf3 c4 25. Rac1 Rxe1+ 26. Rxe1
Rb8 27. Ne5 Rxb2 28. Nxc4 Rxa2 29. Rd1 Rc2 30. Ne5 d2 31. Kf1 Nf5 32. Ke2 Kf8
33. Rxd2 Rxd2+ 34. Kxd2 Ke8 35. Kc3 Nd6 36. f3 Nf7 37. Nc6 a6 38. Kb4 Nd6 39.
Nb8 a5+ 40. Kxa5 Kf7 41. Kb4 Ke6 42. Kc5 h5 43. Nc6 Nf5 44. Nd4+ Ke5 45. Ne2 h4
46. Kc6 g5 47. Kd7 Ne3 48. g3 hxg3 49. Nxg3 Kf4 50. Ne4 Ng2 51. Ke6 Kxf3 52.
Nxg5+ Kg3 53. Kf5 1/2-1/2

[Event "TOP 20"]
[Site "Comite Loire Echecs"]
[Date "2005.01.22"]
[Round "5.10"]
[White "Desassis, Jean-Francois"]
[Black "Bednar, Emile"]
[Result "1/2-1/2"]
[WhiteElo "1540"]
[BlackElo "1930"]
[PlyCount "130"]

1. d4 Nf6 2. Nf3 e6 3. e3 b6 4. Bd3 Bb7 5. b3 Be7 6. Bb2 O-O 7. Nbd2 d5 8. c4
c5 9. O-O Nbd7 10. Ne5 Qc7 11. f4 Rad8 12. Ndf3 dxc4 13. bxc4 cxd4 14. exd4 Be4
15. Ng5 Bxd3 16. Qxd3 Nxe5 17. fxe5 Qxe5 18. dxe5 Rxd3 19. exf6 Bc5+ 20. Kh1 g6
21. Rad1 Rfd8 22. Rxd3 Rxd3 23. h3 a5 24. Be5 h6 25. Nf3 Kh7 26. Rb1 Rd7 27.
Bc3 g5 28. Ne5 Rb7 29. Rd1 b5 30. cxb5 Rxb5 31. Rd7 Rb1+ 32. Kh2 Bg1+ 33. Kh1
Bd4+ 34. Kh2 Bxe5+ 35. Bxe5 Kg6 36. Ra7 Rb5 37. Bc3 Rc5 38. Rxa5 Rxc3 39. a4
Kxf6 40. Ra8 h5 41. a5 h4 42. a6 Ra3 43. Kg1 Ra2 44. Kf1 Kf5 45. Ra7 f6 46. Ra8
Kf4 47. a7 Ke3 48. Kg1 f5 49. Re8 Rxa7 50. Rxe6+ Kf4 51. Rf6 Ra2 52. Kh2 Ra3
53. Rf8 Rg3 54. Rf7 Ke4 55. Re7+ Kd4 56. Rd7+ Ke3 57. Kg1 g4 58. Rc7 Kf4 59.
hxg4 fxg4 60. Kf2 Ra3 61. Rf7+ Kg5 62. Rh7 Kg6 63. Rxh4 Kg5 64. Rh8 Ra2+ 65.
Kg3 Ra3+ 1/2-1/2

[Event "TOP 20"]
[Site "Comite Loire Echecs"]
[Date "2005.03.05"]
[Round "6.1"]
[White "Cizeron, Frederic"]
[Black "Bellon, Yves"]
[Result "1-0"]
[WhiteElo "2114"]
[BlackElo "1860"]
[PlyCount "69"]

1. d4 c5 2. c3 e6 3. e3 b6 4. f4 Bb7 5. Nf3 Nf6 6. Nbd2 Be7 7. Bd3 d6 8. a3
Nbd7 9. e4 cxd4 10. cxd4 Rc8 11. O-O O-O 12. e5 dxe5 13. fxe5 Ng4 14. Ne4 Ndxe5
15. Nxe5 Qxd4+ 16. Nf2 Qxe5 17. Qxg4 Bd6 18. Qh3 g6 19. Ng4 Bxg2 20. Qxg2 Qd4+
21. Nf2 Bc5 22. Bh6 Rfd8 23. Ba6 Rc7 24. b4 Bd6 25. Rad1 Qh4 26. Bg5 Qxh2+ 27.
Qxh2 Bxh2+ 28. Kxh2 Rf8 29. Bf6 h5 30. Ne4 Kh7 31. Ng5+ Kh6 32. Rf2 Rc6 33. Rd7
h4 34. Rd4 Kh5 35. Be2+ 1-0

[Event "TOP 20"]
[Site "Comite Loire Echecs"]
[Date "2005.03.05"]
[Round "6.2"]
[White "Valet, Godeffroy"]
[Black "Cursoux, Gerard"]
[Result "0-1"]
[WhiteElo "2052"]
[BlackElo "2060"]
[PlyCount "55"]

1. e4 c5 2. Nf3 Nc6 3. d4 cxd4 4. Nxd4 g6 5. Nc3 Bg7 6. Be3 Nf6 7. Bc4 O-O 8.
Bb3 d6 9. h3 Bd7 10. O-O Qc8 11. f4 Na5 12. f5 Nc4 13. Bxc4 Qxc4 14. Qf3 Bc6
15. Rad1 a5 16. Rd3 a4 17. h4 Qb4 18. g4 Nd7 19. Nxc6 bxc6 20. Bf4 Nc5 21. a3
Qxb2 22. Re3 Bd4 23. Bh6 Qxc3 24. fxg6 Bxe3+ 25. Kh1 hxg6 26. Bxe3 Qxc2 27.
Bxc5 Qxc5 28. Qf4 0-1

[Event "TOP 20"]
[Site "Comite Loire Echecs"]
[Date "2005.03.05"]
[Round "6.3"]
[White "Deville, Olivier"]
[Black "Boblin, Laurent"]
[Result "0-1"]
[WhiteElo "2044"]
[BlackElo "2040"]
[PlyCount "58"]

1. d4 d5 2. Nf3 Nf6 3. c4 c6 4. Qc2 dxc4 5. Qxc4 Bf5 6. g3 e6 7. Bg2 Be7 8. O-O
Nbd7 9. Nc3 O-O 10. Rd1 Bc2 11. e3 Bxd1 12. Nxd1 Ne4 13. Nc3 Nd6 14. Qe2 Nb6
15. e4 Re8 16. Bf4 g5 17. Bxd6 Bxd6 18. e5 Be7 19. Rd1 Kh8 20. g4 Nd5 21. Ne4
Nf4 22. Qd2 h6 23. Ng3 Nxg2 24. Kxg2 Qd5 25. b3 Rad8 26. Nh5 Qe4 27. Kg3 c5 28.
Qa5 cxd4 29. Qxa7 d3 0-1

[Event "TOP 20"]
[Site "Comite Loire Echecs"]
[Date "2005.03.05"]
[Round "6.4"]
[White "Poncet, Alain"]
[Black "Graillon, David"]
[Result "0-1"]
[WhiteElo "2060"]
[BlackElo "1965"]
[PlyCount "58"]

1. e4 e5 2. Nf3 Nc6 3. Bb5 a6 4. Ba4 Nf6 5. O-O Be7 6. Qe2 b5 7. Bb3 d6 8. h3
O-O 9. c3 Nb8 10. d4 Nbd7 11. Rd1 Bb7 12. dxe5 Nxe4 13. Bd5 Bxd5 14. Rxd5 c6
15. Rd1 d5 16. Nbd2 Ndc5 17. Nxe4 Nxe4 18. Be3 f5 19. exf6 Bxf6 20. Rd3 Qe7 21.
Rad1 Rae8 22. Qc2 g6 23. Nd2 Ng5 24. Nb3 Ne6 25. Nd4 Qc7 26. Nxe6 Rxe6 27. b3
Rfe8 28. c4 d4 29. Bxd4 Re1+ 0-1

[Event "TOP 20"]
[Site "Comite Loire Echecs"]
[Date "2005.03.05"]
[Round "6.5"]
[White "Bruel, Bruno"]
[Black "Pupier, Terry"]
[Result "1/2-1/2"]
[WhiteElo "1870"]
[BlackElo "1960"]
[PlyCount "46"]

1. d4 Nf6 2. c4 e6 3. Nf3 b6 4. Nc3 Bb7 5. Bg5 Be7 6. e3 c5 7. d5 exd5 8. cxd5
d6 9. Bc4 a6 10. a4 Nbd7 11. Bxf6 Bxf6 12. O-O O-O 13. Rb1 Re8 14. Qd3 Qe7 15.
Bb3 Rac8 16. Bc4 Ra8 17. Bb3 g6 18. Rbe1 Bg7 19. e4 Qd8 20. Bc4 Qc7 21. Qd2 Re7
22. Qd3 Kh8 23. Ne2 Rae8 1/2-1/2

[Event "TOP 20"]
[Site "Comite Loire Echecs"]
[Date "2005.03.05"]
[Round "6.7"]
[White "Clement, Paul"]
[Black "Garon, Pierre"]
[Result "1-0"]
[WhiteElo "2001"]
[BlackElo "1974"]
[PlyCount "65"]

1. Nf3 d5 2. g3 Nf6 3. Bg2 Bg4 4. c4 e6 5. Ne5 c6 6. cxd5 exd5 7. Nxg4 Nxg4 8.
e4 Nf6 9. e5 Nfd7 10. d4 Be7 11. O-O Nf8 12. Be3 Nbd7 13. Nc3 Ne6 14. f4 f5 15.
g4 O-O 16. gxf5 Nc7 17. Qd3 Nb6 18. Rad1 Qe8 19. Rf3 Qh5 20. Ne2 Qxf5 21. Qxf5
Rxf5 22. Ng3 Rff8 23. b3 Nd7 24. Bh3 Rad8 25. Nf5 Bb4 26. Rg3 g6 27. Nh6+ Kh8
28. f5 gxf5 29. Bxf5 Nb6 30. Bg5 Rde8 31. Bf6+ Rxf6 32. exf6 Rf8 33. f7 1-0

[Event "TOP 20"]
[Site "Comite Loire Echecs"]
[Date "2005.03.05"]
[Round "6.8"]
[White "Minchilli, Franco"]
[Black "Massard, Christian"]
[Result "0-1"]
[WhiteElo "1690"]
[BlackElo "1780"]
[PlyCount "117"]

1. d4 g6 2. c4 Nf6 3. Nc3 Bg7 4. Nf3 d6 5. e4 O-O 6. Be2 e5 7. Bg5 h6 8. Bh4
Nc6 9. d5 Ne7 10. h3 Ne8 11. Nh2 f5 12. f3 Nf6 13. O-O Nh5 14. Qd2 g5 15. Bf2
Nf4 16. Bd1 Neg6 17. Bc2 a6 18. a4 Bd7 19. c5 Qc8 20. Ne2 h5 21. Ng3 Nh4 22.
Nxh5 Nhxg2 23. Nxg7 Kxg7 24. b4 Rh8 25. Bg3 Rxh3 26. Bxf4 Nxf4 27. Rf2 Kf6 28.
Nf1 Qh8 29. Rh2 Rxh2 30. Nxh2 Qh3 31. Rf1 Qg3+ 32. Kh1 Rh8 33. Rf2 fxe4 34. Rg2
Nxg2 35. Qxg2 Qe1+ 36. Qg1 Qxg1+ 37. Kxg1 Rxh2 38. Kxh2 exf3 39. Kg3 g4 40. a5
dxc5 41. bxc5 c6 42. d6 Ke6 43. Be4 Kf6 44. Bd3 Kg5 45. Be4 f2 46. Kxf2 Kf4 47.
Bg2 e4 48. Bf1 e3+ 49. Kg2 Ke4 50. Be2 Kd4 51. Kg3 Kxc5 52. Kf4 Kxd6 53. Ke4
Kc5 54. Kd3 Kb4 55. Kd4 c5+ 56. Kd5 Bc6+ 57. Kd6 g3 58. Bxa6 bxa6 59. Kxc6 0-1